000
00311nam a2200133Ia 4500
008
191201s2007 xx 000 0 und d
082
_a
658.827
_b
JOB
100
_a
JOHRI, Shweta
245
0
_a
Brand Management
260
_a
N.Delhi
_b
Galgotia Pub. Pvt
_c
2007
300
_a
368
650
_a
MBA
942
_2
ddc
_c
BK
999
_c
3016
_d
3016